Palaeontological bulletin /

Bibliographic Details
New Title:Paleontological bulletin
Uniform Title:Palaeontological bulletin (Wellington, N.Z.)
Corporate Authors: New Zealand. Geological Survey Branch, New Zealand Geological Survey
Format: Serial
Language:English
Published: Wellington : The Survey, 1913-1953.
Subjects:

MARC

Tag First Indicator Second Indicator Subfields
LEADER 00000cas a2200000 4500
001 in00000035695
005 20151007062110.0
008 750907d19131953nz uu f0 a0eng c
010 |a gs 14000490  
035 |a (OCoLC)01605290 
035 |9 AAD3947AM 
040 |a MUL  |c MUL  |d COO  |d HUL  |d TXA  |d UtOrBLW 
042 |a lc 
043 |a u-nz--- 
049 |a TXAE 
090 |a QE701.N3  |b P15 
092 |a 560.9931  |b N567p 
130 0 |a Palaeontological bulletin (Wellington, N.Z.) 
245 1 0 |a Palaeontological bulletin /  |c New Zealand, Department of Mines, New Zealand Geological Survey. 
264 1 |a Wellington :  |b The Survey,  |c 1913-1953. 
300 |a 18 volumes :  |b illustrations ;  |c 28 cm. 
310 |a Irregular 
336 |a text  |b txt  |2 rdacontent 
337 |a unmediated  |b n  |2 rdamedia 
338 |a volume  |b nc  |2 rdacarrier 
362 0 |a no. 1-18. 
550 |a Issued by: Geological Survey Branch, <1918>-1950. 
650 0 |a Paleontology  |z New Zealand. 
710 1 |a New Zealand.  |b Geological Survey Branch. 
710 2 |a New Zealand Geological Survey. 
785 0 0 |t Paleontological bulletin  |x 0078-8589  |w (DLC)sf 89012411  |w (OCoLC)13115275 
999 |a MARS 
999 f f |s 155d9143-6536-3cd5-afa0-6a2f117f433a  |i 8d0d393b-77ff-332f-a5d8-1c40954758eb  |t 0 
952 f f |p ric  |a Texas A&M University  |b Rellis Campus  |c Joint Library Facility  |d Remote Storage  |t 0  |e QE701.N3 P15  |h Library of Congress classification  |i unmediated -- volume  |k no.1-5  |l 1913-1917  |m A14834520055 
952 f f |p ric  |a Texas A&M University  |b Rellis Campus  |c Joint Library Facility  |d Remote Storage  |t 0  |e QE701.N3 P15  |h Library of Congress classification  |i unmediated -- volume  |k no.7-10  |l 1918-1924  |m A14834520013 
952 f f |p ric  |a Texas A&M University  |b Rellis Campus  |c Joint Library Facility  |d Remote Storage  |t 0  |e QE701.N3 P15  |h Library of Congress classification  |i unmediated -- volume  |k no.11-14  |l 1926-1935  |m A14834519973 
998 f f |a QE701.N3 P15  |s no.1-5,7-14 (1913-1919,1926-1935)  |t 0  |l Remote Storage